Famous Fictional Reptiles Quiz Stats

 Plays Quiz Updated Dec 11, 2015

Score 0/20 Timer 05:00
0 Plays Today
% Correct
Barney
96.1%
Godzilla
87.7%
Raphael
77.3%
Yoshi
76%
Dino
75.7%
Rex
74.4%
Rango
71.1%
Bowser
67.8%
Geico Gecko
64.7%
Kaa
55.4%
% Correct
Mushu
54.4%
Charizard
50.9%
Toothless
49.8%
Spyro
48.2%
Littlefoot
45%
Reptar
36.2%
Sir Hiss
30%
King K. Rool
12.3%
Spike
11.2%
Vector the Crocodile
7.3%

You're not logged in!

Compare scores with friends on all Sporcle quizzes.
OR
Log In

Show Comments

Extras

Top Quizzes Today


Score Distribution

Your Account Isn't Verified!

In order to create a playlist on Sporcle, you need to verify the email address you used during registration. Go to your Sporcle Settings to finish the process.

Report this User

Report this user for behavior that violates our Community Guidelines.

Details: